[Event "Chess24 Banter Blitz Cup"]
[Site "chess24.com INT"]
[Date "2019.11.06"]
[Round "1.8"]
[White "Sjugirov, Sanan"]
[Black "Garriga Cazorla, Pere"]
[Result "0-1"]
[WhiteTitle "GM"]
[BlackTitle "IM"]
[WhiteElo "2662"]
[BlackElo "2484"]
[WhiteFideId "4189302"]
[BlackFideId "32011601"]
[EventDate "2019.09.25"]
[EventType "blitz"]

1. d4 Nf6 2. Nf3 e6 3. Bg5 h6 4. Bh4 d6 5. e3 g5 6. Bg3 Nh5 7. Bd3 Bg7 8. c3 b6
9. Nbd2 Bb7 10. e4 Nd7 11. Nc4 Qe7 12. Nfd2 Nxg3 13. hxg3 c5 14. dxc5 Nxc5 15.
Qe2 Nxd3+ 16. Qxd3 d5 17. exd5 Bxd5 18. Ne3 Bc6 19. Qe2 O-O-O 20. Nf5 Qf6 21.
Nxg7 Qxg7 22. f3 h5 23. O-O-O h4 24. g4 Qf6 25. Kb1 Qf4 26. Ka1 Rd7 27. Nc4 Rhd8
28. Rxd7 Rxd7 29. a3 Kb7 30. Ne3 Rd6 31. Re1 Rd7 32. Qc2 Qe5 33. Qc1 Qg3 34. c4
Qf4 35. c5 b5 36. Qc3 a6 37. Nc2 Rd2 38. Nb4 Qd4 39. Qc1 a5 40. Nc2 Qd3 41. Ne3
Re2 42. Rxe2 Qxe2 43. Nc2 Bd5 44. Nd4 Qc4 45. Qxc4 Bxc4 46. b3 Kc7 47. c6 h3 48.
gxh3 Bxb3 49. h4 Bd5 50. Nxb5+ Kb6 51. Nd4 Kc5 0-1

[Event "Chess24 Banter Blitz Cup"]
[Site "chess24.com INT"]
[Date "2019.11.06"]
[Round "1.9"]
[White "Garriga Cazorla, Pere"]
[Black "Sjugirov, Sanan"]
[Result "0-1"]
[WhiteTitle "IM"]
[BlackTitle "GM"]
[WhiteElo "2484"]
[BlackElo "2662"]
[WhiteFideId "32011601"]
[BlackFideId "4189302"]
[EventDate "2019.09.25"]
[EventType "blitz"]

1. Nf3 Nf6 2. c4 e6 3. b3 d5 4. Bb2 Be7 5. e3 O-O 6. Nc3 c5 7. cxd5 Nxd5 8. Nxd5
exd5 9. Be2 Nc6 10. O-O d4 11. Re1 Bf6 12. exd4 Nxd4 13. Nxd4 Bxd4 14. Bxd4 Qxd4
15. Bf3 Rb8 16. Rc1 b6 17. Rc4 Qb2 18. Rc2 Qf6 19. d3 Ba6 20. Be4 Rbd8 21. Re3
Qd4 22. g4 Bc8 23. Qf3 h6 24. h4 f5 25. gxf5 Kh8 26. Qg4 Qf6 27. Rf3 Bd7 28. h5
Qe5 29. Re2 Rf7 30. Qf4 Qxf4 31. Rxf4 Rdf8 32. f6 Rxf6 33. Rxf6 Rxf6 34. Bg6 Re6
35. Re4 Kg8 36. f4 Kf8 37. Kf2 Ke7 38. Ke3 Kf6 39. d4 cxd4+ 40. Kxd4 Bc6 41. Re5
Rd6+ 42. Ke3 Bd7 43. b4 Be6 44. Bd3 Bxa2 45. Rf5+ Ke7 46. Be4 Re6 47. b5 Bb1 48.
Re5 Rxe5 49. fxe5 Ba2 50. Kd4 Bf7 51. Bg6 Be6 52. Ke4 Bd7 53. Kf4 Bxb5 54. Be4
Bd7 55. Bf3 Be6 56. Be4 Bd7 57. Ke3 Be8 58. Kd4 Bxh5 59. Bd3 Bf7 60. Be4 Be6 61.
Ke3 g5 0-1

[Event "Chess24 Banter Blitz Cup"]
[Site "chess24.com INT"]
[Date "2019.11.06"]
[Round "1.10"]
[White "Sjugirov, Sanan"]
[Black "Garriga Cazorla, Pere"]
[Result "1-0"]
[WhiteTitle "GM"]
[BlackTitle "IM"]
[WhiteElo "2662"]
[BlackElo "2484"]
[WhiteFideId "4189302"]
[BlackFideId "32011601"]
[EventDate "2019.09.25"]
[EventType "blitz"]

1. d4 Nf6 2. Nf3 e6 3. Bg5 h6 4. Bh4 d6 5. c3 g5 6. Bg3 Ne4 7. Nbd2 Nxg3 8. hxg3
Bg7 9. e4 b6 10. Bd3 Bb7 11. Qe2 Nd7 12. Nc4 Qe7 13. Nfd2 O-O-O 14. O-O-O Kb8
15. Ne3 c5 16. d5 Ne5 17. Ba6 Ba8 18. Kb1 Ng6 19. Rde1 Rhe8 20. Qd1 Qd7 21. a4
Qc7 22. Qb3 Re7 23. Ndc4 Bb7 24. Bxb7 Qxb7 25. Rd1 Red7 26. f3 Kc8 27. Rd2 Ne5
28. Rhd1 Kc7 29. Nxe5 dxe5 30. Kc2 Qc8 31. a5 Rd6 32. Nc4 Qa6 33. Nxd6 Rxd6 34.
dxe6 Rxd2+ 35. Rxd2 fxe6 36. Qxe6 1-0

[Event "Chess24 Banter Blitz Cup"]
[Site "chess24.com INT"]
[Date "2019.11.06"]
[Round "1.11"]
[White "Garriga Cazorla, Pere"]
[Black "Sjugirov, Sanan"]
[Result "1-0"]
[WhiteTitle "IM"]
[BlackTitle "GM"]
[WhiteElo "2484"]
[BlackElo "2662"]
[WhiteFideId "32011601"]
[BlackFideId "4189302"]
[EventDate "2019.09.25"]
[EventType "blitz"]

1. d4 Nf6 2. c4 e6 3. Nc3 Bb4 4. e3 O-O 5. Bd3 d5 6. cxd5 exd5 7. Ne2 c6 8. O-O
Re8 9. a3 Bd6 10. b4 Nbd7 11. Rb1 a6 12. f3 Qc7 13. h3 Nh5 14. e4 Nf4 15. e5
Nxe2+ 16. Nxe2 Be7 17. f4 a5 18. Ng3 axb4 19. axb4 Nf8 20. Bc2 Qb6 21. Kh2 Bh4
22. Ne2 f5 23. Qd3 Be7 24. g4 g6 25. Ng3 fxg4 26. f5 Bh4 27. f6 Bxg3+ 28. Qxg3
Kf7 29. Be3 Ra3 30. Rf2 gxh3 31. Qf4 Bf5 32. Bxf5 gxf5 33. Qh6 Ke6 34. f7+ Kxf7
35. Qf6+ Kg8 36. Rg1+ Ng6 37. Rxf5 Qc7 38. Rxg6+ hxg6 39. Qxg6+ 1-0

[Event "Chess24 Banter Blitz Cup"]
[Site "chess24.com INT"]
[Date "2019.11.06"]
[Round "1.12"]
[White "Sjugirov, Sanan"]
[Black "Garriga Cazorla, Pere"]
[Result "1-0"]
[WhiteTitle "GM"]
[BlackTitle "IM"]
[WhiteElo "2662"]
[BlackElo "2484"]
[WhiteFideId "4189302"]
[BlackFideId "32011601"]
[EventDate "2019.09.25"]
[EventType "blitz"]

1. d4 Nf6 2. Nf3 e6 3. Bg5 h6 4. Bh4 d6 5. c3 g5 6. Bg3 Nh5 7. e4 Nd7 8. Bd3 Bg7
9. Nbd2 Qe7 10. Nc4 Nxg3 11. hxg3 O-O 12. Qe2 c5 13. e5 cxd4 14. exd6 Qd8 15.
cxd4 b5 16. Nce5 Nf6 17. Be4 Rb8 18. Nc6 Qxd6 19. Nxb8 Qxb8 20. O-O Nxe4 21.
Qxe4 Bb7 22. Qe3 Bd5 23. Rfc1 Rd8 24. Ne5 Qb7 25. f3 f6 26. Nd3 a5 27. b3 h5 28.
Re1 Qf7 29. Rac1 g4 30. Kf2 gxf3 31. gxf3 e5 32. dxe5 fxe5 33. Kg1 Qf5 34. Nxe5
Re8 35. Qf4 Qh3 36. Ng6 Rd8 37. Ne7+ Kh7 38. Nxd5 Qxg3+ 39. Qxg3 Bd4+ 40. Kf1
Rxd5 41. Re7+ Kh6 42. Rc6+ Rd6 43. Rxd6+ Bf6 44. Rxf6# 1-0

[Event "Chess24 Banter Blitz Cup"]
[Site "chess24.com INT"]
[Date "2019.11.06"]
[Round "1.13"]
[White "Garriga Cazorla, Pere"]
[Black "Sjugirov, Sanan"]
[Result "1-0"]
[WhiteTitle "IM"]
[BlackTitle "GM"]
[WhiteElo "2484"]
[BlackElo "2662"]
[WhiteFideId "32011601"]
[BlackFideId "4189302"]
[EventDate "2019.09.25"]
[EventType "blitz"]

1. Nf3 Nf6 2. d4 e6 3. c4 d5 4. Nc3 Nbd7 5. e3 a6 6. cxd5 exd5 7. g3 b6 8. Bg2
Bb7 9. O-O Bd6 10. b3 O-O 11. Bb2 Qe7 12. Rc1 Rfe8 13. Ne2 Ne4 14. Nf4 a5 15. a4
c6 16. Nd2 Ndf6 17. Re1 Rac8 18. Bh3 Rc7 19. Bg2 Nxd2 20. Qxd2 Ne4 21. Qd1 Qd8
22. Qg4 Nf6 23. Qf3 Rce7 24. h3 Ne4 25. Red1 g6 26. Rc2 Qd7 27. Rdc1 Bb4 28. Nd3
Bd6 29. Ne5 Bxe5 30. dxe5 c5 31. Rd1 Qe6 32. g4 Rf8 33. Qf4 f5 34. exf6 Nxf6 35.
Bxf6 Rxf6 36. Qg3 Kg7 37. Rcd2 Ref7 38. h4 Qe7 39. g5 Rf5 40. Rc2 d4 41. exd4
Bxg2 42. Qxg2 cxd4 43. Rxd4 Qe1+ 44. Qf1 Qe5 45. Qd3 Qe1+ 46. Qf1 Qe5 47. Qd3 h6
48. Re4 Qb8 49. Qd4+ Kh7 50. gxh6 Qf8 51. Qe3 Rf3 52. Qd4 R3f5 53. Qe3 Rf3 54.
Qd4 R3f4 55. Rce2 Rxe4 56. Rxe4 Kxh6 57. Qe3+ Kh7 58. Re6 Rf5 59. Qe4 Rf7 60.
Qxg6+ Kh8 61. Qh5+ Rh7 62. Qg5 Rg7 63. Rg6 Rxg6 64. Qxg6 Qg7 65. Qg5 Qxg5+ 66.
hxg5 Kg7 67. f4 Kg6 68. Kf2 Kf5 69. Ke3 b5 70. Kf3 bxa4 71. Ke3 1-0

[Event "Chess24 Banter Blitz Cup"]
[Site "chess24.com INT"]
[Date "2019.11.06"]
[Round "1.14"]
[White "Sjugirov, Sanan"]
[Black "Garriga Cazorla, Pere"]
[Result "0-1"]
[WhiteTitle "GM"]
[BlackTitle "IM"]
[WhiteElo "2662"]
[BlackElo "2484"]
[WhiteFideId "4189302"]
[BlackFideId "32011601"]
[EventDate "2019.09.25"]
[EventType "blitz"]

1. d4 e6 2. Nf3 c5 3. e4 cxd4 4. Nxd4 Nc6 5. Nc3 Qc7 6. a3 a6 7. Be3 Nf6 8. Qf3
h5 9. Nxc6 bxc6 10. h3 h4 11. Bd3 Be7 12. O-O e5 13. Bc4 d6 14. Qe2 Nh5 15. Rad1
a5 16. a4 Rb8 17. Bb3 Rb4 18. Rfe1 g6 19. Qd3 O-O 20. Na2 Rb8 21. Nc3 Kg7 22.
Qc4 Be6 23. Qd3 Bxb3 24. cxb3 Rxb3 25. Qd2 Rfb8 26. Rb1 Qd7 27. Qc2 Qe6 28. Ne2
d5 29. Nc1 R3b4 30. Bd2 Rc4 31. Qd3 Rxa4 32. Bc3 d4 33. Bd2 c5 34. Qc2 Rc4 35.
Qd1 a4 36. Nd3 f6 37. Qe2 Rc2 38. Qd1 Qb3 39. Nc1 Qc4 40. Re2 Rbxb2 41. Rxb2
Rxb2 42. Bh6+ Kxh6 43. Rxb2 a3 44. Ra2 Nf4 45. Kh2 Qb4 46. g3 hxg3+ 47. fxg3 Ne6
48. Nd3 Qb5 49. Rxa3 c4 50. Qd2+ Ng5 51. h4 Bxa3 52. hxg5+ fxg5 53. Nf2 Qb2 54.
Qe1 d3 55. Kg1 Qe2 56. Qb1 Bc5 57. Qb8 Qxf2+ 58. Kh1 Qg1# 0-1

[Event "Chess24 Banter Blitz Cup"]
[Site "chess24.com INT"]
[Date "2019.11.06"]
[Round "1.15"]
[White "Garriga Cazorla, Pere"]
[Black "Sjugirov, Sanan"]
[Result "0-1"]
[WhiteTitle "IM"]
[BlackTitle "GM"]
[WhiteElo "2484"]
[BlackElo "2662"]
[WhiteFideId "32011601"]
[BlackFideId "4189302"]
[EventDate "2019.09.25"]
[EventType "blitz"]

1. Nf3 d5 2. d4 Nf6 3. c4 e6 4. Nc3 c6 5. e3 Nbd7 6. Qc2 Bd6 7. Bd3 O-O 8. O-O
dxc4 9. Bxc4 c5 10. dxc5 Bxc5 11. Rd1 a6 12. Be2 b5 13. Ne4 Be7 14. Nxf6+ Bxf6
15. Bd2 Bb7 16. Bb4 Re8 17. Bd3 g6 18. Be4 Rc8 19. Qd3 Bxe4 20. Qxe4 Qc7 21.
Rab1 Nb6 22. h4 Nd5 23. Be1 Qc2 24. Qg4 h5 25. Qg3 Qf5 26. b3 Rc2 27. a4 b4 28.
Nd4 Bxd4 29. exd4 Rec8 30. Qd3 Qxd3 31. Rxd3 Rc1 32. Rxc1 Rxc1 33. Kf1 Nc3 34.
f3 Rb1 35. Kf2 Rxb3 36. d5 exd5 37. Bxc3 bxc3 38. Rxd5 Rb2+ 39. Kg3 Rd2 40. Rc5
c2 41. Kh3 Kf8 42. g4 Ke7 43. Kg3 Kd6 44. Rc8 Ke5 45. a5 Kd4 46. Kf4 Kd3 47. Kg5
Rd1 48. Rd8+ Ke2 49. Re8+ Kf2 50. Rc8 c1=Q+ 0-1

[Event "Chess24 Banter Blitz Cup"]
[Site "chess24.com INT"]
[Date "2019.11.07"]
[Round "1.1"]
[White "Terry, Renato"]
[Black "Lenderman, Aleksandr"]
[Result "1/2-1/2"]
[WhiteTitle "IM"]
[BlackTitle "GM"]
[WhiteElo "2514"]
[BlackElo "2648"]
[WhiteFideId "3803457"]
[BlackFideId "2021285"]
[EventDate "2019.09.25"]
[EventType "blitz"]

1. e4 e5 2. Nf3 Nf6 3. Nxe5 Nc6 4. Nf3 Nxe4 5. Nc3 Nxc3 6. dxc3 Bc5 7. Bd3 Qe7+
8. Qe2 Qxe2+ 9. Bxe2 O-O 10. O-O d6 11. Bd3 Re8 12. Bf4 Bg4 13. Rfe1 Bh5 14. Be4
Bg6 15. Nd2 Re6 16. Bxg6 Rxe1+ 17. Rxe1 hxg6 18. Nb3 Bb6 19. Kf1 Kf8 20. Nd2 d5
21. Nf3 f6 22. Rd1 Rd8 23. h4 Kf7 24. g4 Ne7 25. c4 c6 26. cxd5 Nxd5 27. Bd2 Re8
28. Re1 Rxe1+ 29. Kxe1 Nc7 30. Ke2 Ke6 31. Be3 Kd5 32. b3 Bxe3 33. Kxe3 b5 34.
c3 Ne6 35. Ne1 c5 36. Nd3 a5 37. Nb2 c4 38. bxc4+ bxc4 39. Na4 Kc6 40. Ke4 Kb5
41. Nb2 Kc5 42. Na4+ Kb5 43. Nb2 Kc5 44. f4 Nc7 45. h5 f5+ 46. gxf5 gxh5 47. Nd1
Nd5 48. Kf3 h4 49. Kg4 Kd6 50. Kxh4 Nxf4 51. Kg5 Nd5 52. Nb2 Kc5 53. Kg6 Ne7+
54. Kg5 Kd5 55. Nd1 Ke4 56. Nb2 Kd5 57. Nd1 a4 58. Ne3+ Kc5 59. Nc2 Nd5 60. Kg6
Nxc3 61. Kxg7 Nd5 62. f6 Nxf6 63. Kxf6 c3 64. Kf5 Kc4 65. Ke4 Kc5 66. Ke3 Kd5
67. Kd3 Kc5 68. Kxc3 a3 69. Kb3 Kb5 70. Nxa3+ Kc5 71. Nc4 Kd5 1/2-1/2

[Event "Chess24 Banter Blitz Cup"]
[Site "chess24.com INT"]
[Date "2019.11.07"]
[Round "1.2"]
[White "Lenderman, Aleksandr"]
[Black "Terry, Renato"]
[Result "1/2-1/2"]
[WhiteTitle "GM"]
[BlackTitle "IM"]
[WhiteElo "2648"]
[BlackElo "2514"]
[WhiteFideId "2021285"]
[BlackFideId "3803457"]
[EventDate "2019.09.25"]
[EventType "blitz"]

1. Nf3 Nf6 2. c4 d6 3. d4 Nbd7 4. Nc3 e5 5. e4 Be7 6. Be2 O-O 7. O-O c6 8. Qc2
Qc7 9. Rd1 Re8 10. Be3 Ng4 11. Bd2 Bf8 12. h3 Ngf6 13. Rac1 exd4 14. Nxd4 Nc5
15. Bf3 a5 16. Be3 Nfd7 17. b3 g6 18. a3 Bg7 19. b4 axb4 20. axb4 Ne6 21. Be2
Nxd4 22. Bxd4 Nf6 23. c5 dxc5 24. bxc5 Be6 25. Qb2 Red8 26. Bf1 Rd7 27. Rd2 Bh6
28. Rcd1 Bxd2 29. Rxd2 Rad8 30. Be3 Rxd2 31. Bxd2 Qe5 32. Qc2 Qd4 33. Be3 Qb4
34. Bg5 Qd4 35. Be3 Qb4 36. Bg5 Qd4 37. Be3 1/2-1/2

[Event "Chess24 Banter Blitz Cup"]
[Site "chess24.com INT"]
[Date "2019.11.07"]
[Round "1.3"]
[White "Terry, Renato"]
[Black "Lenderman, Aleksandr"]
[Result "0-1"]
[WhiteTitle "IM"]
[BlackTitle "GM"]
[WhiteElo "2514"]
[BlackElo "2648"]
[WhiteFideId "3803457"]
[BlackFideId "2021285"]
[EventDate "2019.09.25"]
[EventType "blitz"]

1. d4 e6 2. Nf3 c5 3. g3 b6 4. Bg2 Bb7 5. c3 Nf6 6. O-O Be7 7. Bg5 O-O 8. Nbd2
cxd4 9. cxd4 d5 10. Rc1 Nc6 11. Qa4 Rc8 12. Ne5 Qe8 13. Nxc6 Rxc6 14. Qxa7 Qa8
15. Qxa8 Rxa8 16. Rxc6 Bxc6 17. a3 Bb5 18. Re1 Rc8 19. e4 h6 20. Bxf6 Bxf6 21.
exd5 exd5 22. Bxd5 Bxd4 23. Nf3 Bxb2 24. Rb1 Rc1+ 25. Rxc1 Bxc1 26. Ne5 Bxa3 27.
Bxf7+ Kf8 28. Bd5 Bd6 29. Nc4 Bc5 30. Nd2 Ke7 31. Ne4 Bd4 32. Kg2 Be2 33. f4 b5
34. Nd2 b4 35. Bc4 Bxc4 36. Nxc4 b3 37. Kf3 b2 38. Nd2 Bc3 39. Nb1 Bb4 40. Ke4
Ke6 41. g4 Kf6 42. h4 Ke6 43. h5 Kf6 44. Kf3 Kf7 45. Ke4 Ke6 46. g5 Bd6 47. gxh6
gxh6 48. Nc3 Bb4 49. Nb1 Kf6 50. Ke3 Kf5 51. Kf3 Bd6 52. Nc3 Bxf4 53. Nb1 Be5
54. Na3 Bd6 55. Nb1 Bb4 56. Ke3 Kg5 57. Kd3 Kxh5 58. Kc4 Kg4 59. Kd3 h5 60. Kc4
h4 61. Kxb4 h3 62. Nc3 h2 63. Nd5 h1=Q 64. Ne3+ Kg5 65. Nc4 b1=Q+ 66. Kc5 Qhe4
67. Nd6 Qbb4# 0-1

[Event "Chess24 Banter Blitz Cup"]
[Site "chess24.com INT"]
[Date "2019.11.07"]
[Round "1.4"]
[White "Lenderman, Aleksandr"]
[Black "Terry, Renato"]
[Result "0-1"]
[WhiteTitle "GM"]
[BlackTitle "IM"]
[WhiteElo "2648"]
[BlackElo "2514"]
[WhiteFideId "2021285"]
[BlackFideId "3803457"]
[EventDate "2019.09.25"]
[EventType "blitz"]

1. Nf3 d5 2. e3 Nf6 3. c4 e6 4. Nc3 Bb4 5. Qa4+ Nc6 6. Ne5 Bxc3 7. bxc3 O-O 8.
Nxc6 bxc6 9. Qxc6 Bd7 10. Qc5 Ne4 11. Qa3 Bc6 12. d3 Nd6 13. cxd5 exd5 14. Be2
d4 15. O-O Nb5 16. Qc5 Nxc3 17. Bg4 Qd5 18. Qxd5 Bxd5 19. exd4 Nxa2 20. Bd2 a5
21. Rfb1 Nb4 22. h3 Rfb8 23. Bxb4 axb4 24. Rxa8 Bxa8 25. Bd1 Bd5 26. Bb3 Bxb3
27. Rxb3 Kf8 28. Kf1 Ke7 29. Ke2 Kd6 30. Ke3 Kc6 31. Kd2 Kd5 32. Ke3 h5 33. h4
g6 34. g3 Rb6 35. f3 Rb7 36. g4 Rb8 37. gxh5 gxh5 38. f4 f5 39. Kd2 Kxd4 40. Kc2
Ke3 41. Rb1 Kxf4 42. Rf1+ Kg4 43. Kb3 f4 44. d4 f3 0-1

[Event "Chess24 Banter Blitz Cup"]
[Site "chess24.com INT"]
[Date "2019.11.07"]
[Round "1.5"]
[White "Terry, Renato"]
[Black "Lenderman, Aleksandr"]
[Result "1/2-1/2"]
[WhiteTitle "IM"]
[BlackTitle "GM"]
[WhiteElo "2514"]
[BlackElo "2648"]
[WhiteFideId "3803457"]
[BlackFideId "2021285"]
[EventDate "2019.09.25"]
[EventType "blitz"]

1. d4 e6 2. Nf3 c5 3. g3 b6 4. Bg2 Bb7 5. c3 Nf6 6. O-O Be7 7. Re1 O-O 8. Bg5
cxd4 9. cxd4 d5 10. Ne5 Nc6 11. Nxc6 Bxc6 12. Nc3 Rc8 13. Rc1 Qd7 14. Qd3 Rc7
15. Bf4 Bd6 16. Bg5 Be7 17. Bf4 Bd6 18. Bg5 Be7 1/2-1/2

[Event "Chess24 Banter Blitz Cup"]
[Site "chess24.com INT"]
[Date "2019.11.07"]
[Round "1.6"]
[White "Lenderman, Aleksandr"]
[Black "Terry, Renato"]
[Result "1-0"]
[WhiteTitle "GM"]
[BlackTitle "IM"]
[WhiteElo "2648"]
[BlackElo "2514"]
[WhiteFideId "2021285"]
[BlackFideId "3803457"]
[EventDate "2019.09.25"]
[EventType "blitz"]

1. Nf3 d5 2. e3 Nf6 3. c4 e6 4. b3 b6 5. Bb2 Bb7 6. cxd5 exd5 7. Nc3 Be7 8. d4
O-O 9. g3 c5 10. Bg2 a6 11. O-O c4 12. Nd2 cxb3 13. Qxb3 b5 14. Rfc1 Qd7 15. Nf3
Rd8 16. Ne5 Qe6 17. Ne2 g5 18. Ba3 Bxa3 19. Qxa3 Nbd7 20. Nxd7 Rxd7 21. Rc2 Rad8
22. Rac1 Ne4 23. Nc3 Nf6 24. Nb1 Ne4 25. Nd2 Nxd2 26. Rxd2 Qb6 27. Qc5 Qxc5 28.
Rxc5 Kf8 29. Bh3 Rd6 30. Bf5 h6 31. Rc7 Rb6 32. Rb2 Rdd6 33. Rbc2 Rdc6 34. Rxb7
Rxc2 35. Rxb6 Rxa2 36. Bc8 a5 37. Rxb5 a4 38. Rxd5 a3 39. Ra5 Rc2 40. Bf5 Rc3
41. Kg2 Ke7 42. Ra6 Rb3 43. d5 Rc3 44. e4 f6 45. d6+ Kf7 46. Ra7+ Ke8 47. Be6 1-0

[Event "Chess24 Banter Blitz Cup"]
[Site "chess24.com INT"]
[Date "2019.11.07"]
[Round "1.7"]
[White "Terry, Renato"]
[Black "Lenderman, Aleksandr"]
[Result "0-1"]
[WhiteTitle "IM"]
[BlackTitle "GM"]
[WhiteElo "2514"]
[BlackElo "2648"]
[WhiteFideId "3803457"]
[BlackFideId "2021285"]
[EventDate "2019.09.25"]
[EventType "blitz"]

1. b3 d5 2. Bb2 Bg4 3. Nf3 Bxf3 4. exf3 e6 5. g3 Nf6 6. Bg2 g6 7. O-O Bg7 8. f4
O-O 9. Nc3 c5 10. Ne2 Nc6 11. h3 Rc8 12. d3 Qd6 13. Re1 Rfd8 14. Kh2 b5 15. Rb1
Qc7 16. Ng1 c4 17. Nf3 Qa5 18. a3 cxb3 19. cxb3 Qb6 20. Re2 Nd7 21. d4 Ne7 22.
Ne5 Nf5 23. Qd3 Rc7 24. h4 Nf6 25. Bf3 h5 26. Bg2 Rdc8 27. Bh3 Bf8 28. f3 Bh6
29. Rg1 Qd6 30. Kh1 b4 31. axb4 Qxb4 32. g4 hxg4 33. Bxg4 Ng7 34. Nxg6 Rc3 35.
Bxc3 Rxc3 36. Qb1 Rxb3 37. Qc2 Rc3 38. Qa2 fxg6 39. Bxe6+ Kh8 40. Qxa7 Qf8 41.
Bf7 Rxf3 42. Rxg6 Nf5 43. Reg2 Rf1+ 44. Kh2 Bxf4+ 45. Kh3 Rh1+ 46. Rh2 Rxh2# 0-1

[Event "Chess24 Banter Blitz Cup"]
[Site "chess24.com INT"]
[Date "2019.11.07"]
[Round "1.8"]
[White "Lenderman, Aleksandr"]
[Black "Terry, Renato"]
[Result "1-0"]
[WhiteTitle "GM"]
[BlackTitle "IM"]
[WhiteElo "2648"]
[BlackElo "2514"]
[WhiteFideId "2021285"]
[BlackFideId "3803457"]
[EventDate "2019.09.25"]
[EventType "blitz"]

1. Nf3 Nf6 2. c4 b6 3. g3 Bb7 4. Bg2 g6 5. O-O Bg7 6. d4 e6 7. Qc2 O-O 8. Nc3 d5
9. cxd5 Nxd5 10. Nxd5 exd5 11. Bf4 c6 12. Rac1 Nd7 13. Rfd1 Re8 14. e3 Nf8 15.
Ne5 c5 16. dxc5 Bxe5 17. c6 Rc8 18. Rxd5 Qf6 19. Rxe5 Rxe5 20. cxb7 Rxc2 21.
Rxc2 Nd7 22. Rc7 Re8 23. Rxd7 Qxb2 24. Bd5 Kh8 25. Rxf7 1-0

[Event "Chess24 Banter Blitz Cup"]
[Site "chess24.com INT"]
[Date "2019.11.07"]
[Round "1.9"]
[White "Terry, Renato"]
[Black "Lenderman, Aleksandr"]
[Result "0-1"]
[WhiteTitle "IM"]
[BlackTitle "GM"]
[WhiteElo "2514"]
[BlackElo "2648"]
[WhiteFideId "3803457"]
[BlackFideId "2021285"]
[EventDate "2019.09.25"]
[EventType "blitz"]

1. d4 e6 2. Nf3 c5 3. e3 Nf6 4. Bd3 d5 5. b3 Nc6 6. Bb2 Qc7 7. O-O cxd4 8. exd4
Nb4 9. Bb5+ Bd7 10. Bxd7+ Qxd7 11. Ne5 Qc7 12. c3 Nc6 13. Qe2 Bd6 14. f4 O-O 15.
Nd2 Rab8 16. a4 a6 17. b4 a5 18. b5 Ne7 19. g4 Nc8 20. g5 Nd7 21. Rf3 Ne7 22.
Rh3 g6 23. Nf1 Nf5 24. Ng3 Rbe8 25. Nxf5 exf5 26. Qf2 Kg7 27. Qh4 Rh8 28. Qh6+
Kg8 29. Re3 Bf8 30. Qh3 Nb6 31. Rae1 Re6 32. Ra1 h6 33. gxh6 Rxh6 34. Qf3 Qd8
35. Re2 Qh4 36. Kh1 Qh5 37. Qxh5 Rxh5 38. Ba3 Bxa3 39. Rxa3 f6 40. c4 fxe5 41.
c5 Nc4 42. Ra1 e4 43. Rb1 Kf7 44. Rg2 e3 45. Re2 Rh4 46. Rf1 Re4 47. Rb1 Rhxf4
48. c6 bxc6 49. bxc6 Re6 50. Rb7+ Kf6 51. c7 Rc6 52. Rb8 Rxc7 53. Rf8+ Kg5 54.
Rb8 Nd2 55. Rb1 Nxb1 56. Rg2+ Rg4 57. Re2 Rc1+ 58. Re1 Rxe1# 0-1

[Event "Chess24 Banter Blitz Cup"]
[Site "chess24.com INT"]
[Date "2019.11.07"]
[Round "1.10"]
[White "Lenderman, Aleksandr"]
[Black "Terry, Renato"]
[Result "1-0"]
[WhiteTitle "GM"]
[BlackTitle "IM"]
[WhiteElo "2648"]
[BlackElo "2514"]
[WhiteFideId "2021285"]
[BlackFideId "3803457"]
[EventDate "2019.09.25"]
[EventType "blitz"]

1. Nf3 Nf6 2. c4 b6 3. g3 Bb7 4. Bg2 g6 5. O-O Bg7 6. d4 e6 7. Qc2 O-O 8. Nc3 d6
9. e4 Nbd7 10. Rd1 Qe7 11. h3 h6 12. Be3 Ne8 13. Qd2 Kh7 14. d5 e5 15. Qc2 a5
16. a3 Ba6 17. b3 Kg8 18. Bf1 f5 19. Nh4 Qf7 20. exf5 gxf5 21. f4 exf4 22. Bxf4
Ne5 23. Rac1 Ng6 24. Nxg6 Qxg6 25. Bd3 Bc8 26. Re1 Bd7 27. Re7 Rf7 28. Rxd7 Rxd7
29. Bxf5 Bd4+ 30. Kh2 Qg7 31. Bxd7 Qxd7 32. Qg6+ Ng7 33. Nb5 Be5 34. Bxe5 dxe5
35. Rf1 Re8 36. Nc3 Qd6 37. Qxd6 cxd6 38. Ne4 Rd8 39. Rf6 Ne8 40. Rxh6 a4 41.
bxa4 Kg7 42. Re6 Kf8 43. g4 Ra8 44. Nxd6 Ng7 45. Rxe5 Rxa4 46. h4 Rxa3 47. h5
Ra2+ 48. Kg3 1-0

[Event "Chess24 Banter Blitz Cup"]
[Site "chess24.com INT"]
[Date "2019.11.07"]
[Round "1.11"]
[White "Terry, Renato"]
[Black "Lenderman, Aleksandr"]
[Result "1/2-1/2"]
[WhiteTitle "IM"]
[BlackTitle "GM"]
[WhiteElo "2514"]
[BlackElo "2648"]
[WhiteFideId "3803457"]
[BlackFideId "2021285"]
[EventDate "2019.09.25"]
[EventType "blitz"]

1. d4 e6 2. c4 b6 3. Nf3 Bb7 4. g3 Bb4+ 5. Nc3 Nf6 6. Bg2 Bxc3+ 7. bxc3 O-O 8.
O-O d6 9. a4 Nc6 10. Nd2 Na5 11. Bxb7 Nxb7 12. e4 e5 13. Re1 Re8 14. f3 Na5 15.
Rb1 Qd7 16. Ba3 c5 17. d5 Nh5 18. f4 g6 19. f5 Qe7 20. Rf1 Kg7 21. Kh1 Nf6 22.
Qe2 g5 23. Bc1 h6 24. Nf3 Rh8 25. Ra1 Rag8 26. Ra3 Kf8 27. Nd2 Qb7 28. Nb3 Qa6
29. Nxa5 Qxa5 30. Qc2 Ke7 31. Kg2 Qa6 32. Qd3 Qa5 33. h3 Kd7 34. Bd2 Ke7 35. Rb1
Qa6 36. Rb5 Nd7 37. a5 Qb7 38. Qc2 f6 39. Rb1 h5 40. Qa4 g4 41. h4 Rb8 42. Kf2
Rhc8 43. Ke2 Kf7 44. Kd3 Qc7 45. Rba1 b5 46. cxb5 c4+ 47. Ke2 Qb7 48. Be3 Nc5
49. Qxc4 Qxb5 50. Qxb5 Rxb5 51. Bxc5 Rcxc5 52. Kd3 Rb2 53. R1a2 Rb1 54. Ra1 Rb2
55. R1a2 Rb1 56. Ra1 Rb2 1/2-1/2

[Event "Chess24 Banter Blitz Cup"]
[Site "chess24.com INT"]
[Date "2019.11.07"]
[Round "1.12"]
[White "Lenderman, Aleksandr"]
[Black "Terry, Renato"]
[Result "1/2-1/2"]
[WhiteTitle "GM"]
[BlackTitle "IM"]
[WhiteElo "2648"]
[BlackElo "2514"]
[WhiteFideId "2021285"]
[BlackFideId "3803457"]
[EventDate "2019.09.25"]
[EventType "blitz"]

1. Nf3 g6 2. d4 Bg7 3. c4 d6 4. Nc3 Nd7 5. e4 e5 6. Be2 Ne7 7. O-O O-O 8. dxe5
Nxe5 9. Nd4 N7c6 10. Be3 a6 11. f4 Nd7 12. Qd2 Re8 13. Rad1 Nf6 14. Bf3 Ng4 15.
Bxg4 Bxg4 16. Rde1 Bd7 17. b3 Nxd4 18. Bxd4 f6 19. Nd5 Rf8 20. h3 b5 21. c5 dxc5
22. Bxc5 Re8 23. Qa5 Bc6 24. Qxc7 Bxd5 25. Qxd8 Rexd8 26. exd5 Rxd5 27. b4 a5
28. a3 axb4 29. axb4 Bf8 30. Bxf8 Kxf8 31. Re6 Kf7 32. Rfe1 Ra7 33. Rb6 Rd4 34.
Rxb5 Rxf4 35. Rb1 Ra2 36. Rb7+ Ke6 37. Re1+ Kd5 38. Rf1 Rxf1+ 39. Kxf1 h5 40. b5
Rb2 41. Rb6 Ke5 42. Kg1 h4 43. Kh2 g5 44. Rb8 f5 45. b6 Kf4 46. b7 Rb1 47. Rc8
Rxb7 48. Rc4+ Ke5 49. Rc5+ Kf6 50. Rc6+ Kg7 51. Rc5 Rf7 52. Ra5 Kg6 53. Ra6+ Rf6
54. Ra5 Kh5 55. Rb5 f4 56. Ra5 Re6 57. Rb5 Re3 58. Ra5 Re2 59. Kg1 Rc2 60. Rb5
Rc1+ 61. Kh2 Rc2 62. Kg1 Rc3 63. Ra5 Rg3 64. Kh2 f3 65. gxf3 Rxf3 66. Kg2 Rg3+
67. Kh2 Rd3 68. Ra8 Re3 69. Rh8+ Kg6 70. Rg8+ Kh6 71. Ra8 Kg7 72. Ra7+ Kg6 73.
Ra6+ Kh5 74. Ra5 Rg3 75. Rb5 Rf3 76. Rc5 Rg3 77. Rb5 Rf3 78. Rc5 Rg3 79. Rb5 1/2-1/2